[Event "ROM-ch U10"]
[Site "Calimanesti"]
[Date "2013.04.05"]
[Round "6"]
[White "Mihai, Cristian"]
[Black "Mujdar, Milan"]
[Result "1-0"]
[WhiteElo "1328"]
[BlackElo "1600"]
[PlyCount "119"]
[EventDate "2013.04.02"]
[EventType "swiss"]
[EventRounds "9"]
[EventCountry "ROU"]
[SourceTitle "CBM 153 Extra"]
[Source "ChessBase"]
[SourceDate "2013.04.22"]
[SourceVersion "1"]
[SourceVersionDate "2013.04.22"]
[SourceQuality "1"]

1. d4 d5 2. c4 e6 3. cxd5 exd5 4. Nc3 Nf6 5. Bg5 Be6 6. e3 Nc6 7. Bd3 Be7 8. Nge2 0-0 9. 0-0 Nb4 10. Rc1 Nxd3 11. Qxd3 c6 12. a3 Qd7 13. Ng3 h6 14. Bxf6 Bxf6 15. f4 c5 16. f5 cxd4 17. fxe6 Qxe6 18. exd4 Rad8 19. Rfe1 Qb6 20. Rc2 Bxd4+ 21. Kh1 Bxc3 22. Qxc3 d4 23. Qd3 Rde8 24. Rce2 Rxe2 25. Rxe2 Qc5 26. Rc2 Qd5 27. Nf5 Re8 28. Ne7+ Kh8 29. Re2 Qd7 30. Qe4 Qc7 31. Ng6+ Kh7 32. Nf8+ Kg8 33. Qxe8 Qc1+ 34. Re1 Qxb2 35. Nd7+ Kh7 36. Qxf7 d3 37. Qf5+ g6 38. Qf7+ Qg7 39. Qxg7+ Kxg7 40. Rd1 b5 41. Rxd3 a6 42. Nb8 a5 43. Rd5 b4 44. axb4 axb4 45. Rb5 g5 46. Rxb4 Kg6 47. g4 h5 48. Rb6+ Kf7 49. gxh5 g4 50. Rg6 g3 51. hxg3 Kf8 52. g4 Kf7 53. Nd7 Ke8 54. h6 Ke7 55. h7 Kf7 56. Ne5+ Ke7 57. Rg8 Ke6 58. h8Q Ke7 59. Qg7+ Kd6 60. Rd8+ 1-0